| 000 | 00485nam a2200169Ia 4500 | ||
|---|---|---|---|
| 003 | GCL | ||
| 008 | 140319s9999 xx 000 0 ara d | ||
| 040 |
_aGCL / _cGCL |
||
| 082 | 0 | 4 |
_a813.01 _bس س |
| 100 | 1 | _aسعيد الكفراوى | |
| 245 | 1 | 0 |
_aستر العوره: قصص / _cسعيد الكفراوى |
| 300 | _a150 ص | ||
| 490 |
_aمختارات فصول _v0 |
||
| 650 | 0 | 4 | _aالادب العربى |
| 650 | 0 | 4 | _aالقصص العربية القصيرة |
| 942 |
_2ddc _cBK |
||
| 999 |
_c47276 _d47276 |
||